| 000 | 00756nam a2200217Ia 4500 | ||
|---|---|---|---|
| 005 | 20221122150055.0 | ||
| 008 | 210716s2017 xx 000 0 und d | ||
| 020 | _a9789352135097 | ||
| 040 | _cAIMIT LIBRARY | ||
| 041 | _aeng | ||
| 082 |
_a005.368 _21 _bMCEK |
||
| 100 |
_aMcElroy, Kathryn. _963189 |
||
| 245 |
_aPhototyping for designers : _bdeveloping the best digital and physiacl products / _cBy Kathryn McElroy. |
||
| 250 | _a1st ed. | ||
| 260 |
_aNew Delhi ; _bShroff Publications and Distributers Pvt Ltd , _c2017. |
||
| 300 |
_axxii,300 p.; _c24 cm. |
||
| 650 |
_aFidelity for prototypes _963190 |
||
| 650 |
_aPrototyping for digital products _963191 |
||
| 650 |
_aTesting prototypes with users _963192 |
||
| 942 |
_2ddc _cBK _e1st _k005.368 MCEK |
||
| 999 |
_c195876 _d195876 |
||